| 000 | 00533nam a2200205 a 4500 | ||
|---|---|---|---|
| 005 | 20210219152938.0 | ||
| 008 | 991125n 000 0 u | ||
| 035 | _aUPN01000068145 | ||
| 100 | _aLLOYD, Kent | ||
| 222 | _aTHE EDUCATIONAL FORUM | ||
| 245 | _aCommunity response to urban race riots | ||
| 300 | _a19-25 | ||
| 362 | _a1967 Vol. 32, no. 1, nov. | ||
| 653 | 0 | _aCOMUNIDAD URBANA | |
| 653 | 0 | _aDESARROLLO SOCIAL | |
| 653 | 0 | _aRACISMO | |
| 653 | 0 | _aSOCIOLOGIA EDUCATIVA | |
| 904 |
_aAC _b005956 |
||
| 905 | _aArticulo | ||
| 999 |
_c64372 _d64372 |
||